Τα τελευταία χρόνια της βυζαντινής αυτοκρατορίας

Αποθηκεύτηκε σε:
Λεπτομέρειες βιβλιογραφικής εγγραφής
Κύριος συγγραφέας: Κορδάτος, Γιάννης, 1891-1961
Μορφή: Βιβλίο
Γλώσσα:Greek
Δημοσίευση: Αθήνα : Μπουκουμάνης, c1975.
Έκδοση:4η έκδ.
Θέματα:
Ετικέτες: Προσθήκη ετικέτας
Δεν υπάρχουν, Καταχωρήστε ετικέτα πρώτοι!

MARC

LEADER 00000cam a2200000 i 4500
001 1/68246
008 960620s1975 gr | ||| |||| ||gre||
035 |l 10030160 
040 |a GR-MY-UA  |b gre  |e aacr 
041 0 |a gre 
082 7 |a 938.38   |2 (22) 
100 1 |a Κορδάτος, Γιάννης,   |d 1891-1961. 
245 1 3 |a Τα τελευταία χρόνια της βυζαντινής αυτοκρατορίας /   |c Γιάννης Κορδάτος.  
250 |a 4η έκδ.  
260 |a Αθήνα :   |b Μπουκουμάνης,   |c c1975.  
300 |a 108 σ. ;   |c 24 εκ.  
651 0 |a Byzantine Empire  |x History. 
852 |a INST  |b CHIOS  |e 19960620  |h 938.38 ΚΟΡ  |p 005200007716  |q 005200007716  |t BK  |y 0 
852 |a INST  |b RHODES  |e 20020404  |h 938.38 ΚΟΡ  |p 005400016569  |q 005400016569  |t BK  |y 0 
901 |a BIBL4-2002-1 
909 |a Χ  |b 016301 
909 |a Ρ  |b 101011